PR-SOF-2560-AI-DRIVEN MODEL FOR LEUKEMIA DETECTION USING FPGA (Record no. 615052)

000 -LEADER
fixed length control field 00435nam a22001337a 4500
040 ## - CATALOGING SOURCE
Transcribing agency NUST
082 ## - DEWEY DECIMAL CLASSIFICATION NUMBER
Classification number 220 PRO
100 ## - MAIN ENTRY--PERSONAL NAME
Personal name Afra Amjad Ahmad Daud Nimra Saeed Ummaima Nadeem
9 (RLIN) 130903
110 ## - MAIN ENTRY--CORPORATE NAME
Corporate name or jurisdiction name as entry element Supervisors: Asst Prof Kamran Aziz Bhatti
9 (RLIN) 130904
245 ## - TITLE STATEMENT
Title PR-SOF-2560-AI-DRIVEN MODEL FOR LEUKEMIA DETECTION USING FPGA
260 ## - PUBLICATION, DISTRIBUTION, ETC.
Place of publication, distribution, etc. ISLAMABAD:
Name of publisher, distributor, etc. NUST COLLEGE OF EME,
Date of publication, distribution, etc. 2025.
650 ## - SUBJECT ADDED ENTRY--TOPICAL TERM
Topical term or geographic name entry element DE-ELECT-43
9 (RLIN) 130873
942 ## - ADDED ENTRY ELEMENTS (KOHA)
Source of classification or shelving scheme
Koha item type Book
Holdings
Withdrawn status Lost status Source of classification or shelving scheme Damaged status Not for loan Permanent Location Current Location Shelving location Date acquired Total Checkouts Full call number Barcode Date last seen Price effective from Koha item type
          College of Electrical & Mechanical Engineering (CEME) College of Electrical & Mechanical Engineering (CEME) Reference 10/04/2025   220 PRO PR-SOF-2560 10/04/2025 10/04/2025 Book
© 2023 Central Library, National University of Sciences and Technology. All Rights Reserved.